Score 0/8 Timer 01:30
1 Play Today
% Correct
Mexico
91.8%
Brazil
91.7%
Chile
88.5%
Peru
87.3%
Cuba
79.8%
Ecuador
65.2%
Suriname
59.7%
Honduras
57.5%
Remove Ads.
Support Sporcle.
Get the best of Sporcle when you Go Orange. This ad-free experience offers more features, more stats, and more fun while also helping to support Sporcle. Thank you for becoming a member.

You're not logged in!

Compare scores with friends on all Sporcle quizzes.
OR
Log In

Show Comments

Extras

Top Quizzes Today


Score Distribution

Your Account Isn't Verified!

In order to create a playlist on Sporcle, you need to verify the email address you used during registration. Go to your Sporcle Settings to finish the process.

Report this User

Report this user for behavior that violates our Community Guidelines.

Details: